[Event "Catalunya-chT Gp2"]
[Site "Barcelona"]
[Date "2020.02.22"]
[Round "6.6"]
[White "Valls Marti, Artur"]
[Black "Grafl, Florian"]
[Result "0-1"]
[WhiteElo "2184"]
[BlackElo "2353"]
[PlyCount "138"]
[EventDate "2020.01.18"]
[EventType "team-tourn"]
[EventRounds "7"]
[EventCountry "ESP"]
[SourceTitle "CBM 195 Extra"]
[Source "ChessBase"]
[SourceDate "2020.05.31"]
[SourceVersion "1"]
[SourceVersionDate "2020.05.31"]
[SourceQuality "1"]
[WhiteTeam "Colon Ateneu"]
[BlackTeam "Barcelona Escola Escacs"]
[WhiteTeamCountry "ESP"]
[BlackTeamCountry "ESP"]

1. f4 b6 2. Nf3 Bb7 3. e3 g6 4. d4 Bg7 5. c4 e6 6. Nc3 Ne7 7. Be2 0-0 8. 0-0 d5 9. b4 dxc4 10. Bxc4 c5 11. bxc5 bxc5 12. Ne5 Nbc6 13. Nxf7 Kxf7 14. Bxe6+ Kxe6 15. Qb3+ Kd7 16. Qxb7+ Qc7 17. Qb3 Qb6 18. Na4 Qxb3 19. Nxc5+ Ke8 20. Nxb3 a5 21. Rd1 Kf7 22. Ba3 Rfc8 23. Rac1 Nb4 24. Rxc8 Rxc8 25. Nxa5 Nxa2 26. Nb7 Rb8 27. Nd6+ Ke6 28. g4 Nc3 29. Rf1 Ned5 30. f5+ gxf5 31. gxf5+ Kd7 32. Nc4 Ne4 33. Ne5+ Ke8 34. Rc1 Nxe3 35. Re1 Bxe5 36. dxe5 Rb3 37. Bc1 Rb1 38. Rxe3 Rxc1+ 39. Kg2 Rc2+ 40. Kf3 Nc5 41. h4 Rc4 42. Kg3 h5 43. e6 Rg4+ 44. Kf3 Rxh4 45. Re5 Nd3 46. Ra5 Nf4 47. Ra8+ Ke7 48. Ra7+ Ke8 49. Rh7 Nd5 50. Kg3 Rg4+ 51. Kh3 Nf4+ 52. Kh2 Rg2+ 53. Kh1 Re2 54. Rh8+ Ke7 55. Rh7+ Kf6 56. Rf7+ Kg5 57. Kg1 Nd5 58. Kf1 Re5 59. Kg2 Rxf5 60. Rd7 Kf6 61. Kh2 Kxe6 62. Ra7 Rf3 63. Ra8 Rb3 64. Rf8 Nf6 65. Kg2 Kf5 66. Ra8 h4 67. Ra7 h3+ 68. Kh2 Ng4+ 69. Kg1 Rb1# 0-1

[Event "Barcelona Sant Marti op-A 19th"]
[Site "Barcelona"]
[Date "2017.07.19"]
[Round "7"]
[White "Valls Marti, Artur"]
[Black "Yao, Lan"]
[Result "1-0"]
[WhiteElo "2140"]
[BlackElo "2273"]
[PlyCount "131"]
[EventDate "2017.07.13"]
[EventType "swiss"]
[EventRounds "9"]
[EventCountry "ESP"]
[SourceTitle "EXT 2018"]
[Source "ChessBase"]
[SourceDate "2017.10.13"]
[SourceVersion "1"]
[SourceVersionDate "2017.10.13"]
[SourceQuality "1"]

1. e4 c5 2. Nf3 d6 3. d4 cxd4 4. Nxd4 Nf6 5. Nc3 Nc6 6. Bg5 e6 7. Qd2 a6 8. 0-0-0 Bd7 9. f3 Be7 10. h4 h6 11. Be3 h5 12. Bg5 Ne5 13. f4 Neg4 14. Qe1 Qc7 15. Rh3 b5 16. Bd3 b4 17. Nce2 e5 18. Nb3 a5 19. Kb1 0-0 20. Rf3 a4 21. Nbc1 b3 22. cxb3 axb3 23. Nxb3 Qa7 24. Nec1 Be6 25. Bc2 Rfc8 26. Rdd3 d5 27. exd5 e4 28. dxe6 exd3 29. exf7+ Kxf7 30. Bxd3 Bd6 31. Qd2 Qb6 32. Bf5 Bb4 33. Qd3 Rd8 34. Qc4+ Kf8 35. Rd3 Rxd3 36. Nxd3 Ne3 37. Qe6 Qxe6 38. Bxe6 Bd6 39. f5 Nfg4 40. Nf4 Bxf4 41. Bxf4 Rd8 42. a4 Nxg2 43. Bg5 Rd1+ 44. Ka2 Ne5 45. Nc5 Ne1 46. Bb3 Rd6 47. Ne6+ Ke8 48. Nxg7+ Kd7 49. Nxh5 N1d3 50. f6 Rd4 51. a5 Rb4 52. a6 Rb8 53. a7 Ra8 54. Be3 Nb4+ 55. Kb1 Nbc6 56. f7 Nxa7 57. Nf6+ Ke7 58. Ng8+ Kd6 59. h5 Nxf7 60. Bxf7 Rf8 61. Bc4 Nc6 62. h6 Ne5 63. h7 Ng6 64. Bd3 Nh8 65. Bd4 Nf7 66. Bc4 1-0

[Event "Barcelona Sant Marti op-A 19th"]
[Site "Barcelona"]
[Date "2017.07.14"]
[Round "2"]
[White "Oliva Castaneda, Kevel"]
[Black "Valls Marti, Artur"]
[Result "1-0"]
[WhiteElo "2497"]
[BlackElo "2140"]
[PlyCount "69"]
[EventDate "2017.07.13"]
[EventType "swiss"]
[EventRounds "9"]
[EventCountry "ESP"]
[SourceTitle "EXT 2018"]
[Source "ChessBase"]
[SourceDate "2017.10.13"]
[SourceVersion "1"]
[SourceVersionDate "2017.10.13"]
[SourceQuality "1"]

1. d4 Nf6 2. Nf3 e6 3. Bf4 d5 4. e3 c5 5. c3 Bd6 6. Bg3 0-0 7. Nbd2 Nc6 8. Bd3 b6 9. Ne5 Qc7 10. f4 Ne7 11. Bf2 a5 12. g4 Ba6 13. Bc2 b5 14. Rg1 cxd4 15. exd4 b4 16. Rg3 bxc3 17. bxc3 g6 18. Rh3 Rab8 19. Bh4 Bxe5 20. fxe5 Ne4 21. Bxe4 dxe4 22. Bxe7 Qxe7 23. Nxe4 f5 24. exf6 Qb7 25. Qc2 Qb5 26. 0-0-0 Bb7 27. Nc5 Rxf6 28. c4 Qe8 29. Rb3 Bf3 30. Nd7 Qxd7 31. Rxb8+ Kg7 32. g5 Rf5 33. Qb2 Qc7 34. d5+ e5 35. Rb7 1-0

[Event "Barcelona Vila Gracia op 10th"]
[Site "Barcelona"]
[Date "2016.11.11"]
[Round "7.2"]
[White "Valls Marti, Artur"]
[Black "Capellades Subirana, Marc"]
[Result "0-1"]
[WhiteElo "2100"]
[BlackElo "2225"]
[PlyCount "70"]
[EventDate "2016.09.30"]
[EventType "swiss"]
[EventRounds "9"]
[EventCountry "ESP"]
[SourceTitle "EXT 2024"]
[Source "ChessBase"]
[SourceDate "2023.10.10"]
[SourceVersion "1"]
[SourceVersionDate "2023.10.10"]
[SourceQuality "1"]

1. e4 e5 2. Nf3 Nc6 3. Bb5 a6 4. Ba4 Nge7 5. d4 Ng6 6. 0-0 exd4 7. Bxc6 dxc6 8. Qxd4 Bg4 9. Nbd2 Qxd4 10. Nxd4 0-0-0 11. c3 c5 12. N4f3 Nf4 13. Nc4 Ne2+ 14. Kh1 Nxc1 15. Rfxc1 f6 16. Ne3 Be6 17. b3 g6 18. Rd1 Bd6 19. Kg1 c6 20. Kf1 Bf4 21. Ke2 Rhe8 22. Rxd8+ Kxd8 23. Nd2 f5 24. g3 Bh6 25. f3 Kc7 26. Re1 b5 27. Kd3 fxe4+ 28. Nxe4 c4+ 29. bxc4 bxc4+ 30. Kd4 Bg7+ 31. Kc5 Rb8 32. a4 h6 33. Nc2 Rd8 34. Kb4 Bf8+ 35. Nc5 a5+ 0-1

[Event "Barcelona Puig Memorial op 2nd"]
[Site "Barcelona"]
[Date "2016.10.05"]
[Round "2"]
[White "Valls Marti, Artur"]
[Black "Bernat, Ernest"]
[Result "1-0"]
[WhiteElo "2100"]
[BlackElo "1941"]
[PlyCount "91"]
[EventDate "2016.09.28"]
[EventType "swiss"]
[EventRounds "9"]
[EventCountry "ESP"]
[SourceTitle "EXT 2018"]
[Source "ChessBase"]
[SourceDate "2017.10.13"]
[SourceVersion "1"]
[SourceVersionDate "2017.10.13"]
[SourceQuality "1"]

1. e4 c5 2. Nf3 d6 3. d4 cxd4 4. Nxd4 Nf6 5. Nc3 a6 6. g3 e5 7. Nde2 Be7 8. Bg2 0-0 9. 0-0 Nbd7 10. a4 b6 11. Nd5 Nxd5 12. Qxd5 Rb8 13. c4 Nc5 14. Qd1 Bb7 15. Nc3 Kh8 16. Nd5 Bxd5 17. cxd5 a5 18. Ra3 Qd7 19. Re1 b5 20. axb5 Qxb5 21. Be3 Nb3 22. Bf1 Qb4 23. Ba7 Rb7 24. Ba6 Rxa7 25. Rxb3 Qc5 26. Bf1 Qc7 27. Rb5 Rb7 28. Rxb7 Qxb7 29. Qa4 Qb4 30. Qxb4 axb4 31. Ra1 Bg5 32. Ra7 Kg8 33. h4 Bc1 34. b3 Rd8 35. Rb7 Bd2 36. Bb5 Bc3 37. Kf1 Bd4 38. f4 f6 39. Bd7 Bc5 40. Be6+ Kh8 41. Ke2 h6 42. Kf3 Kh7 43. Kg4 Rf8 44. Kh5 exf4 45. gxf4 Kh8 46. Kg6 1-0

[Event "Barcelona Sant Marti op-A 18th"]
[Site "Barcelona"]
[Date "2016.07.17"]
[Round "5"]
[White "Meneses Gonzalez, Kevin Moises"]
[Black "Valls Marti, Artur"]
[Result "1-0"]
[WhiteElo "2379"]
[BlackElo "2133"]
[PlyCount "61"]
[EventDate "2016.07.13"]
[EventType "swiss"]
[EventRounds "9"]
[EventCountry "ESP"]
[SourceTitle "CBM 173 Extra"]
[Source "ChessBase"]
[SourceDate "2016.08.29"]
[SourceVersion "1"]
[SourceVersionDate "2016.08.29"]
[SourceQuality "1"]

1. e4 c5 2. Nf3 d6 3. d4 cxd4 4. Nxd4 Nf6 5. Nc3 a6 6. Bg5 e6 7. f4 h6 8. Bh4 Be7 9. Qf3 Qc7 10. 0-0-0 Nbd7 11. Qg3 g5 12. fxg5 Nh5 13. Qe3 Qa5 14. Nf3 hxg5 15. Bxg5 f6 16. Bh4 b5 17. a3 Bb7 18. g4 Ng7 19. g5 f5 20. Bh3 Rc8 21. Nd5 Qa4 22. Nc3 Qa5 23. exf5 Rxc3 24. bxc3 Qxa3+ 25. Kd2 Bxf3 26. Qxf3 Rxh4 27. f6 b4 28. fxg7 Qxc3+ 29. Qxc3 bxc3+ 30. Ke2 Re4+ 31. Kf3 1-0

[Event "Barcelona Sant Marti op-A 18th"]
[Site "Barcelona"]
[Date "2016.07.15"]
[Round "3"]
[White "Vassallo Barroche, Mauricio"]
[Black "Valls Marti, Artur"]
[Result "1-0"]
[WhiteElo "2389"]
[BlackElo "2133"]
[PlyCount "81"]
[EventDate "2016.07.13"]
[EventType "swiss"]
[EventRounds "9"]
[EventCountry "ESP"]
[SourceTitle "CBM 173 Extra"]
[Source "ChessBase"]
[SourceDate "2016.08.29"]
[SourceVersion "1"]
[SourceVersionDate "2016.08.29"]
[SourceQuality "1"]

1. d4 Nf6 2. c4 e6 3. Nf3 b6 4. e3 Bb7 5. Bd3 d6 6. 0-0 Nbd7 7. Nc3 Be7 8. e4 c5 9. d5 e5 10. g3 h5 11. Nh4 Ng4 12. Nf5 g6 13. Nxe7 Qxe7 14. f3 Nh6 15. Nb5 Kf8 16. Be3 Kg7 17. Qd2 a6 18. Nc3 f6 19. a3 Nf7 20. b4 Rhb8 21. Rab1 Bc8 22. f4 Nf8 23. f5 Bd7 24. Qd1 Nh7 25. fxg6 Kxg6 26. Be2 Rg8 27. Bxh5+ Kg7 28. bxc5 bxc5 29. Bg4 Rab8 30. Bf5 Rxb1 31. Qxb1 Bxf5 32. Rxf5 Nh6 33. Bxh6+ Kxh6 34. Nd1 Qc7 35. Ne3 Kg6 36. Rf1 Qa5 37. Nf5 Qxa3 38. Qd1 Ng5 39. h4 Nxe4 40. Qg4+ Kf7 41. Nh6+ 1-0

[Event "Barcelona Sant Marti op-A 18th"]
[Site "Barcelona"]
[Date "2016.07.13"]
[Round "1"]
[White "Henriquez Villagra, Cristobal"]
[Black "Valls Marti, Artur"]
[Result "1-0"]
[WhiteElo "2491"]
[BlackElo "2133"]
[PlyCount "89"]
[EventDate "2016.07.13"]
[EventType "swiss"]
[EventRounds "9"]
[EventCountry "ESP"]
[SourceTitle "CBM 173 Extra"]
[Source "ChessBase"]
[SourceDate "2016.08.29"]
[SourceVersion "1"]
[SourceVersionDate "2016.08.29"]
[SourceQuality "1"]

1. e4 c5 2. Nf3 d6 3. Bb5+ Nd7 4. 0-0 a6 5. Bd3 g6 6. c3 Bg7 7. Bc2 e5 8. d4 Ne7 9. Be3 Qc7 10. a4 0-0 11. Na3 Rb8 12. Qd2 b5 13. dxc5 Nxc5 14. axb5 axb5 15. Rfd1 Rd8 16. b4 Ne6 17. Bb3 Qb7 18. Qd3 h6 19. Nc2 Qd7 20. h4 f5 21. Bc5 Qc6 22. exf5 gxf5 23. Ne3 e4 24. Qxd6 Rxd6 25. Rxd6 exf3 26. Rxc6 Nxc6 27. Bd6 f4 28. Nf5 Bxc3 29. Rc1 Ra8 30. Rxc3 Ra1+ 31. Kh2 fxg2 32. Kxg2 Kh7 33. Rxc6 Bb7 34. Bd5 Bxc6 35. Bxc6 Kg6 36. Be4 Re1 37. Kf3 Kh5 38. Bxf4 Nd4+ 39. Nxd4 Rd1 40. Be3 Kxh4 41. Nxb5 h5 42. Nc3 Ra1 43. Kg2 Ra3 44. Nd5 Rb3 45. Ne7 1-0

[Event "Barbera del Valles op 39th"]
[Site "Barbera del Valles"]
[Date "2016.07.07"]
[Round "4"]
[White "Herrera Reyes, Jose Antonio"]
[Black "Valls Marti, Artur"]
[Result "1-0"]
[WhiteElo "2253"]
[BlackElo "2133"]
[PlyCount "57"]
[EventDate "2016.07.04"]
[EventType "swiss"]
[EventRounds "9"]
[EventCountry "ESP"]
[SourceTitle "EXT 2017"]
[Source "ChessBase"]
[SourceDate "2016.10.25"]
[SourceVersion "1"]
[SourceVersionDate "2016.10.25"]
[SourceQuality "1"]

1. e4 c5 2. c3 e6 3. d3 d5 4. Qe2 Be7 5. g3 h5 6. h4 Nc6 7. Nf3 b5 8. Bg2 a5 9. 0-0 Ba6 10. exd5 exd5 11. Be3 Kf8 12. Nbd2 Nh6 13. Ng5 g6 14. Nb3 Qb6 15. Bxd5 Rd8 16. Bxf7 Nxf7 17. Nxc5 Kg8 18. Nxf7 Kxf7 19. Qf3+ Bf6 20. Nd7 Rxd7 21. Bxb6 Ne5 22. Qe2 Re8 23. Bd4 Nc6 24. Qxe8+ Kxe8 25. Bxf6 Rxd3 26. Rad1 b4 27. Rxd3 Bxd3 28. Rd1 Bf5 29. Rd6 1-0

[Event "Barbera del Valles op 39th"]
[Site "Barbera del Valles"]
[Date "2016.07.05"]
[Round "2"]
[White "Molano Lafuente, Ismael"]
[Black "Valls Marti, Artur"]
[Result "1/2-1/2"]
[WhiteElo "1940"]
[BlackElo "2133"]
[PlyCount "156"]
[EventDate "2016.07.04"]
[EventType "swiss"]
[EventRounds "9"]
[EventCountry "ESP"]
[SourceTitle "EXT 2017"]
[Source "ChessBase"]
[SourceDate "2016.10.25"]
[SourceVersion "1"]
[SourceVersionDate "2016.10.25"]
[SourceQuality "1"]

1. c4 e5 2. Nc3 Nc6 3. e3 d6 4. d4 g6 5. d5 Nce7 6. e4 Bg7 7. Bd3 f5 8. Nge2 Nf6 9. f3 0-0 10. 0-0 f4 11. b4 g5 12. h3 h5 13. Kf2 Ng6 14. Ke1 Nh4 15. Rf2 g4 16. hxg4 hxg4 17. Ng1 c6 18. Rb1 Rf7 19. Kd2 Bd7 20. Qf1 Rc8 21. Kd1 Bf8 22. Rc2 Rg7 23. Bd2 Qe8 24. Be1 g3 25. Kc1 Rh7 26. Kb2 Bg7 27. Ka1 Ng6 28. Rbc1 Rh1 29. Bd2 Nh4 30. Kb2 Qh5 31. Be1 Ng6 32. Re2 Nh7 33. Bd2 Ng5 34. Rce1 Nh4 35. Bc1 Qe8 36. Rd1 Qd8 37. a3 Qb6 38. Kb3 Rh2 39. Bb2 a5 40. Na4 Qd8 41. b5 cxb5 42. cxb5 Qe8 43. Red2 Rxg2 44. Rxg2 Nxg2 45. Qxg2 Bxb5 46. Nc3 Bd7 47. a4 Qd8 48. Bb5 Qb6 49. Ka2 Bxb5 50. Nxb5 Rc4 51. Nh3 Rxa4+ 52. Na3 Nf7 53. Qc2 Rb4 54. Bc3 Qa6 55. Rc1 Bf8 56. Bxb4 axb4 57. Qb3 bxa3 58. Ng1 Be7 59. Qxa3 Bd8 60. Qxa6 bxa6 61. Kb3 Bb6 62. Nh3 Kg7 63. Rc6 Bd4 64. Rxa6 g2 65. Ra2 g1Q 66. Nxg1 Ng5 67. Rg2 Kf6 68. Rxg5 Kxg5 69. Ne2 Bc5 70. Kc2 Kh4 71. Kd3 Bb4 72. Nc1 Ba3 73. Nb3 Kg3 74. Ke2 Bb4 75. Nc1 Bc3 76. Nd3 Kg2 77. Nc1 Bb2 78. Nb3 Bc3 1/2-1/2